00819nam a22002057a 450000500170000001000130001702000250003003500130005503700210006808200080008910000630009724501040016024600060026426000980027027001570036830000700052565000060059565000060060170000060060720240724121041.0 aB-760105 a9789392375552c60.00 aB-760105 bउपहार  aक aचौधरी, अमिताभ शंकर राय aध्रुव की गाड़ी /cअमिताभ शंकर राय चौधरी a  aनई दिल्लीbचिल्ड्रन्स बुक ट्रस्टc2023 aनेहरू हाउस ,4 बहादुरशाह जफर मार्गbदिल्लीe110002k23316970-74l23721090mcbtnd@vsnl.com a16पृbसचित्रc24सेमी (अजिल्द) a  a  a